000 00938nas a2200277Ia 4500
001 R122/62574
003 IT-RoPAU
008 151124c99999999xx |||||||||||| ||und||
040 _aIT-RoPAU
040 _cIT-RoPAU
041 _aITALIANO
100 _aBarilli Renato
_gCodice Aut. SPICS: 9544
210 _aMASS MEDIA
222 _aMass Media
245 _aMASS MEDIA, ANNO 06-N.4 (SETTEMBRE/OTTOBRE 1987)
_bTra Estetica E Tecnologia-Due Opinioni A Confronto
250 _a1a ed.
260 _aITALIA
_bCAPONE CAVALLINO DI LECCE
_c1987
501 _bPaulus - SPICS - Società San Paolo EM (non-commercial uses only)
_cCopyright2015
300 _a10 p. [33-43]
362 _aANNO 006, N.04 (SETTEMBRE/OTTOBRE 1987)
500 _aRiflessioni Sulle Arti Visive nel Dialogo tra i Due Autori.
650 _aCOMUNICAZIONE
_vPUBBLICAZIONE PERIODICA
700 _aCosta Mario
700 _gCodice Aut. SPICS: 12466
942 _cCR
999 _c119982
_d119982